| 000 | 00434nam a2200181Ia 4500 | ||
|---|---|---|---|
| 001 | 8193 | ||
| 005 | 20260306160551.0 | ||
| 008 | 260306t2018||||xx |||||||||||||| ||spa|| | ||
| 041 | _aESP | ||
| 082 |
_a370.15 _bB73 |
||
| 100 |
_aBonals Picas, Joan _eAUT |
||
| 245 | 0 | _aManual de asesoramiento psicopedagógico | |
| 260 | _c2018 | ||
| 300 |
_a942 páginas : _c23 cm. |
||
| 650 | _aGEN | ||
| 654 | _aCED | ||
| 942 |
_cLIB _dJUS _fJUS _2ddc _n |
||
| 999 |
_c8193 _d8193 |
||